书目信息 |
| 题名: |
姚熹传
|
|
| 作者: | 李志杰 编著 | |
| 分册: | ||
| 出版信息: | 北京 科学出版社 2024.09 |
|
| 页数: | 321页 | |
| 开本: | 24cm | |
| 丛书名: | 科学文化系列 | |
| 单 册: | ||
| 中图分类: | K826.16=72 | |
| 科图分类: | ||
| 主题词: | 院士--传记--中国--现代 | |
| 电子资源: | ||
| ISBN: | 978-7-03-079247-1 | |
| 000 | 01188nam0 2200265 450 | |
| 001 | 013197926 | |
| 005 | 20251022203529.64 | |
| 010 | @a978-7-03-079247-1@dCNY98.00 | |
| 100 | @a20241023d2024 em y0chiy0120 ea | |
| 101 | 0 | @achi |
| 102 | @aCN@b110000 | |
| 105 | @aa z 000yb | |
| 106 | @ar | |
| 200 | 1 | @a姚熹传@9yao xi chuan@f李志杰编著 |
| 210 | @a北京@c科学出版社@d2024.09 | |
| 215 | @a321页@c图@d24cm | |
| 225 | 1 | @a科学文化系列 |
| 330 | @a姚熹院士是我国高性能铁电材料研究的开拓者和领军人物。他创立的“微畴-宏畴转变”理论,引领了国际电介质材料研究的热潮和发展。他推动了铁电领域的关键技术创新,研发了一系列新的电子功能材料,解决了我国国民经济和国防建设在功能材料领域的诸多“卡脖子”难题,促进了我国电子陶瓷技术的更新换代。姚熹院士创建了亚洲铁电学会和亚洲电子陶瓷协会,并在亚洲各国和地区轮流召开亚洲铁电会议及亚洲电子陶瓷会议,是世界公认的这一科学领域的权威者。姚熹院士忠诚于教育事业,培养博士研究生100多人,桃李满天下。 | |
| 461 | 0 | @12001 @a科学文化系列 |
| 606 | 0 | @a院士@x传记@y中国@z现代 |
| 610 | 0 | @a姚熹(1935-) |
| 690 | @aK826.16=72@v5 | |
| 701 | 0 | @a李志杰@9li zhi jie@f(1943-)@4编著 |
| 801 | 0 | @aCN@c20250909 |
| 905 | @a河南城建学院图书馆@dK826.16@eL332@ZL332@f1 | |
| 姚熹传/李志杰编著.-北京:科学出版社,2024.09 |
| 321页:图;24cm.-(科学文化系列) |
| ISBN 978-7-03-079247-1:CNY98.00 |
| 姚熹院士是我国高性能铁电材料研究的开拓者和领军人物。他创立的“微畴-宏畴转变”理论,引领了国际电介质材料研究的热潮和发展。他推动了铁电领域的关键技术创新,研发了一系列新的电子功能材料,解决了我国国民经济和国防建设在功能材料领域的诸多“卡脖子”难题,促进了我国电子陶瓷技术的更新换代。姚熹院士创建了亚洲铁电学会和亚洲电子陶瓷协会,并在亚洲各国和地区轮流召开亚洲铁电会议及亚洲电子陶瓷会议,是世界公认的这一科学领域的权威者。姚熹院士忠诚于教育事业,培养博士研究生100多人,桃李满天下。 |
| ● |
| 相关链接 |
|
|
|
正题名:姚熹传
索取号:K826.16/L332
 
预约/预借
| 序号 | 登录号 | 条形码 | 馆藏地/架位号 | 状态 | 备注 |
| 1 | 1633257 | 216332573 | 社科库309/309社科库 55排6列1层/ [索取号:K826.16/L332] | 在馆 |